LEADER 01115nam a2200301 i 4500 001 000000186488 003 CaOOAMICUS 005 20180924162727.0 008 150914s1947 it u000 u ita u 013 $a164537 040 $aSeMil$bita 100 1 $aPajssac, Giacinto.$0(OLS)http://semarc/name/68469 245 13$aIl senso di Dio /$cGiacinto Pajssac ; a cura di Tommaso Mandrini. 260 $aMilano :$bIPL,$c1947. 300 $a77 p. ;$c14 cm. 490 0 $aAscetica 500 $aFondo card. Giovanni Colombo. 650 4$aDio.$0(OLS)http://semarc/subject/4429 650 4$aCristianesimo - Fede - Crisi.$0(OLS)http://semarc/subject/28354 700 1 $aMandrini, Tommaso.$0(OLS)http://semarc/name/40010 830 0$aAscetica.$0(OLS)http://semarc/title/26473 850 $aSeMil 852 $aSeMil$W1$xVenegono$y1$m3GC VIII 211/34$j137175$B137175$CSeMilBibl$Z2$F148747 $8B 941 1 $a3 961 $aLascito: Colombo Card. Giovanni 996 $6245$aIl senso di Dio$9(OLS)http://semarc/title/268095 996 $6260$aMilano :$bIPL$9(OLS)http://semarc/publisher/30350 LEADER 00991nam a2200241 i 4500 001 000000198411 003 CaOOAMICUS 005 20240516113423.0 008 110308s1972 it u000 u ita u 040 $aSeMil$bita 100 1 $aTheod?rak?s, Mik?s,$d<1925-2021>.$0(OLS)http://semarc/name/71798 245 10$aDiario del carcere /$cMikis Theodorakis. 264 1$aRoma :$bEditori Riuniti,$c1972. 300 $a327 p. ;$c19 cm. 490 1 $aVentesimo secolo ;$v2 650 4$aTheod?rak?s, Mik?s <1925-2021> - Diari e memorie.$0(OLS)http://semarc/subject/55706 830 0$aVentesimo secolo ;$v2.$0(OLS)http://semarc/title/25614 850 $aSeMil 852 $aSeMil$W1$xVenegono$y1$m3J II 474$j248126$B148967$CSeMilBibl$Z2$F166609 $81 961 $aOmaggio: Grampa dott. Cesare 996 $6245$aDiario del carcere$9(OLS)http://semarc/title/200222 996 $6264$aRoma :$bEditori Riuniti$9(OLS)http://semarc/publisher/30240